[Event "Haifa"]
[Site "?"]
[Date "1989.??.??"]
[Round "?"]
[White "Hector, J."]
[Black "Marin, Mihail"]
[Result "1/2-1/2"]
[WhiteElo "2500"]
[BlackElo "2475"]
[PlyCount "89"]
[EventDate "1989.??.??"]
[Source "ChessBase"]
[SourceDate "1989.07.01"]

1. e4 e5 2. Nf3 Nc6 3. c3 Nf6 4. d4 Nxe4 5. d5 Ne7 6. Nxe5 Ng6 7. Nxg6 hxg6 8. Qe2 Qe7 9. Bf4 d6 10. Na3 Rh4 11. g3 Rh5 12. O-O-O Nf6 13. Re1 Rxd5 14. Bg2 Qxe2 15. Rxe2+ Be6 16. Bxd5 Nxd5 17. Bg5 Kd7 18. Rhe1 Bg4 19. f3 Bf5 20. g4 f6 21. Bh4 g5 22. gxf5 gxh4 23. Nc2 Nf4 24. Rd2 g6 25. Kd1 Bh6 26. Ne3 Bg5 27. Nd5 Nxd5 28. Rxd5 c6 29. Rd3 gxf5 30. Rf1 Rg8 31. f4 Bh6 32. c4 Rg2 33. Rd2 Rg7 34. Re2 Rg4 35. Ref2 a6 36. Kd2 b5 37. b3 Kc7 38. Ke3 Kb6 39. Rd1 bxc4 40. bxc4 Kc5 41. Rd3 a5 42. Ra3 Kb4 43. Rd3 Kc5 44. Ra3 Kb4 45. Rd3 1/2-1/2

[Event "Gausdal Int"]
[Site "Gausdal NOR"]
[Date "1990.??.??"]
[Round "3"]
[White "Hector, Jonny"]
[Black "Inkiov, Ventzislav V"]
[Result "0-1"]
[WhiteElo "2465"]
[BlackElo "2510"]
[PlyCount "92"]
[EventDate "1990.08.??"]
[Source "www.chesslib.no"]
[SourceDate "2004.05.04"]

1. e4 e5 2. Nf3 Nc6 3. c3 Nf6 4. d4 Nxe4 5. d5 Ne7 6. Nxe5 Ng6 7. Nxg6 hxg6 8. Qe2 Qe7 9. Bf4 d6 10. Na3 Nf6 11. O-O-O Qxe2 12. Bxe2 a6 13. Rhe1 Be7 14. c4 O-O 15. c5 Re8 16. Nc4 Ne4 17. cxd6 Nxd6 18. Na5 Bd7 19. Kb1 Nf5 20. Bg4 Bc5 21. Rxe8+ Rxe8 22. Bxc7 Bxf2 23. Nxb7 Bc8 24. Bxf5 Bxf5+ 25. Ka1 Re2 26. Nd6 Bc2 27. Rf1 Bd3 28. Ba5 Rc2 29. Rb1 Rc5 30. Bb4 Rxd5 31. Rd1 Be4 32. Rc1 Bxg2 33. Rc8+ Kh7 34. b3 Bh3 35. Ra8 Bd4+ 36. Kb1 Be6 37. Rxa6 Rh5 38. Rc6 Rxh2 39. Bc3 Bxc3 40. Rxc3 g5 41. a4 g4 42. a5 Rh3 43. Kb2 g3 44. Ne4 Rh2+ 45. Ka3 g2 46. Ng5+ Kg8 0-1

[Event "Riga"]
[Site "Riga"]
[Date "1981.??.??"]
[Round "6"]
[White "Ambroz, Jan"]
[Black "Ermenkov, Evgenij"]
[Result "1/2-1/2"]
[WhiteElo "2485"]
[BlackElo "2490"]
[PlyCount "163"]
[EventDate "1981.08.??"]
[Source "ChessBase"]

1. e4 e5 2. Nf3 Nc6 3. c3 Nf6 4. d4 Nxe4 5. d5 Ne7 6. Nxe5 Ng6 7. Nd3 Be7 8. Qa4 Nc5 9. Nxc5 Bxc5 10. Qe4+ Qe7 11. Qxe7+ Kxe7 12. b4 Bb6 13. Na3 Re8 14. Nc4 Kf8+ 15. Be3 d6 16. Kd2 Bd7 17. a4 Bxe3+ 18. Nxe3 a5 19. Bb5 Bxb5 20. axb5 axb4 21. cxb4 Rxa1 22. Rxa1 b6 23. Rc1 Rc8 24. g3 Ne7 25. f4 Ke8 26. f5 Kd7 27. g4 Ra8 28. h4 Ng8 29. g5 Re8 30. Kd3 Re5 31. Kd4 Ne7 32. Rf1 h5 33. Rf2 f6 34. gxf6 gxf6 35. Rf1 Ng8 36. Rg1 Nh6 37. Rf1 Ke8 38. Rf4 Kf8 39. Rf1 Kg8 40. Rf4 Kf7 41. Rf1 Ng4 42. Nxg4 hxg4 43. Rg1 Rxf5 44. Rxg4 Rh5 45. Kc3 Rxd5 46. Rc4 Rxb5 47. Rxc7+ Ke6 48. Rb7 Rh5 49. Rxb6 Rxh4 50. Rb8 Kd5 51. b5 f5 52. b6 Rc4+ 53. Kd3 Rb4 54. b7 Rb3+ 55. Kc2 Rb5 56. Rf8 Rxb7 57. Rxf5+ Ke4 58. Rf6 d5 59. Re6+ Kd4 60. Rh6 Rg7 61. Rh4+ Kc5 62. Kc3 Rg3+ 63. Kd2 Ra3 64. Rg4 Rh3 65. Rf4 Kd6 66. Rg4 Ke5 67. Ra4 Rh2+ 68. Kd3 Rh1 69. Kd2 Rf1 70. Rb4 Rf5 71. Ra4 Kd6 72. Rh4 Kc5 73. Rg4 Rh5 74. Rf4 Rh2+ 75. Kd3 Rh1 76. Kd2 d4 77. Rf8 Rh2+ 78. Kd3 Rh3+ 79. Kd2 Kc4 80. Rc8+ Kd5 81. Rd8+ Ke4 82. Re8+ 1/2-1/2

[Event "Hastings Masters"]
[Site "Hastings"]
[Date "1995.??.??"]
[Round "3"]
[White "Turner, Matthew"]
[Black "Hebden, Mark"]
[Result "0-1"]
[WhiteElo "2400"]
[BlackElo "2570"]
[PlyCount "62"]
[EventDate "1995.08.??"]
[Source "ChessBase"]

1. e4 e5 2. Nf3 Nc6 3. c3 d5 4. Qa4 Bd7 5. exd5 Nd4 6. Qd1 Nxf3+ 7. gxf3 Qh4 8. d4 O-O-O 9. Be3 Re8 10. dxe5 Rxe5 11. Qd4 Qxd4 12. cxd4 Rxd5 13. Nc3 Rf5 14. Ke2 Nf6 15. Bh3 Rh5 16. Bxd7+ Kxd7 17. Rag1 g6 18. Ne4 Bg7 19. Kd3 Rf5 20. Rg5 Rxg5 21. Nxg5 Rf8 22. h4 h6 23. Ne4 Nd5 24. f4 h5 25. Rg1 Ne7 26. f3 Rd8 27. Rc1 c6 28. Nc5+ Kc8 29. b4 Nf5 30. b5 Bxd4 31. Bxd4 Nxd4 0-1

[Event "Berliner Sommer"]
[Site "Berlin GER"]
[Date "1993.??.??"]
[Round "?"]
[White "Schaefer, Markus"]
[Black "Timoshenko, Georgy"]
[Result "1/2-1/2"]
[WhiteElo "2455"]
[BlackElo "2515"]
[PlyCount "43"]
[EventDate "1993.08.??"]
[Source "www.chesslib.no"]
[SourceDate "2004.05.04"]

1. e4 e5 2. Nf3 Nc6 3. c3 d5 4. Bb5 Qd6 5. exd5 Qxd5 6. Qe2 f6 7. d4 Bg4 8. c4 Bxf3 9. cxd5 Bxe2 10. Kxe2 a6 11. dxc6 axb5 12. cxb7 Rb8 13. dxe5 fxe5 14. a4 bxa4 15. Rxa4 Rxb7 16. Ra8+ Kf7 17. Rd1 Nf6 18. Nd2 Rg8 19. Nc4 e4 20. Rdd8 g6 21. Bd2 Bb4 22. Rxg8 1/2-1/2

[Event "Haifa ol (Men)"]
[Site "Haifa ISR"]
[Date "1976.??.??"]
[Round "10"]
[White "Miles, Anthony J"]
[Black "Biyiasas, Peter"]
[Result "1/2-1/2"]
[WhiteElo "2510"]
[BlackElo "2460"]
[PlyCount "54"]
[EventDate "1976.11.??"]
[Source "www.chesslib.no"]
[SourceDate "2004.05.04"]

1. e4 e5 2. Nf3 Nc6 3. c3 Nf6 4. d4 d6 5. Bb5 Bd7 6. O-O Be7 7. Qe2 O-O 8. Nbd2 exd4 9. cxd4 a6 10. Bc4 d5 11. exd5 Nb4 12. Ne4 Nbxd5 13. Nxf6+ Nxf6 14. Re1 Bb4 15. Bd2 Bxd2 16. Qxd2 Bc6 17. Ne5 Bd5 18. Bd3 Qd6 19. Re3 Rae8 20. Rae1 Bxa2 21. Rg3 Nd7 22. Ra1 Bd5 23. Bxh7+ Kxh7 24. Rxg7+ Kxg7 25. Qg5+ Kh8 26. Qh5+ Kg7 27. Qg4+ Kh8 1/2-1/2

[Event "JUG Team Ch"]
[Site "Cetinje"]
[Date "1992.??.??"]
[Round "?"]
[White "Aleksic, Nenad"]
[Black "Smagin, Sergey B"]
[Result "1/2-1/2"]
[WhiteElo "2410"]
[BlackElo "2550"]
[PlyCount "93"]
[EventDate "1992.??.??"]
[Source "www.chesslib.no"]
[SourceDate "2004.05.04"]

1. e4 e5 2. Nf3 Nc6 3. c3 Nf6 4. d3 Be7 5. b4 a6 6. a3 d5 7. Qc2 O-O 8. Be2 Bg4 9. Nbd2 Re8 10. O-O Bf8 11. Bb2 Nh5 12. g3 Nf6 13. Rfe1 Qd7 14. Rad1 Rad8 15. Nb3 Qc8 16. c4 d4 17. c5 g6 18. Nbd2 h5 19. Nc4 Bh6 20. Qb3 Kg7 21. Bc1 Bxc1 22. Rxc1 Nxe4 23. dxe4 d3 24. Ncxe5 Rxe5 25. Nxe5 Nxe5 26. Qc3 Qe6 27. f4 Bxe2 28. Rxe2 dxe2 29. Re1 Rd3 30. Qb2 f6 31. fxe5 Qxe5 32. Qxe5 fxe5 33. Rxe2 Kf6 34. Ra2 Rd4 35. Kf2 Rxe4 36. Kf3 Rc4 37. Rd2 Ke6 38. Rd8 Rc3+ 39. Ke4 Rxa3 40. Re8+ Kf6 41. Rf8+ Kg5 42. Rb8 Ra4 43. Rxb7 a5 44. Kxe5 Rxb4 45. Rxc7 Rb2 46. Ra7 Rxh2 47. Rxa5 1/2-1/2

[Event "LADAC"]
[Site "?"]
[Date "1999.11.01"]
[Round "?"]
[White "Verducci Silvelo Sergio Danie"]
[Black "Magallon Minguez Antonio (ESP"]
[Result "0-1"]
[WhiteElo "2498"]
[BlackElo "2461"]
[PlyCount "72"]
[EventDate "1999.??.??"]
[Source "www.chesslib.no"]
[SourceDate "2004.05.04"]

1. e4 e5 2. Nf3 Nc6 3. c3 d5 4. Bb5 dxe4 5. Nxe5 Qg5 6. d4 Qxg2 7. Rf1 Bd6 8. Nxc6 Bd7 9. Nxa7 c6 10. Nxc6 bxc6 11. Bc4 Bh3 12. d5 Qxh2 13. dxc6 Bxf1 14. Bxf1 Nf6 15. Bg5 Bc5 16. Qe2 Ng4 17. Qxe4+ Kf8 18. Be7+ Bxe7 19. Qxg4 Bc5 20. Qg2 Re8+ 21. Kd2 Qf4+ 22. Kc2 Re1 23. Bb5 Qc1+ 24. Kb3 Qd1+ 25. Kc4 Bb6 26. Kb4 Qc2 27. b3 Bc7 28. Qd5 Qxf2 29. Bc4 g6 30. Qd4 Qxd4 31. cxd4 h5 32. a4 h4 33. a5 Ke7 34. a6 h3 35. a7 h2 36. Bd5 Ra8 0-1

[Event "Regensburg op"]
[Site "?"]
[Date "1998.??.??"]
[Round "6"]
[White "Maiwald Jens Uwe"]
[Black "Inkiov Ventzislav"]
[Result "1-0"]
[WhiteElo "2460"]
[BlackElo "2495"]
[PlyCount "95"]
[EventDate "1998.??.??"]
[Source "www.chesslib.no"]
[SourceDate "2004.05.04"]

1. e4 e5 2. Nf3 Nc6 3. c3 Nf6 4. d3 d5 5. Nbd2 Bc5 6. b4 Bb6 7. Be2 O-O 8. O-O Re8 9. a3 Bg4 10. Bb2 a6 11. Re1 Ba7 12. Qc2 dxe4 13. dxe4 Nh5 14. h3 Bxf3 15. Nxf3 Nf4 16. Bf1 Qf6 17. Nh2 Qh4 18. Ng4 Re6 19. Kh2 h5 20. Ne3 Rg6 21. Rad1 Qg5 22. Bc1 h4 23. Ng4 Rd8 24. Rxd8+ Qxd8 25. Rd1 Rd6 26. Rxd6 Qxd6 27. Qd2 Qxd2 28. Bxd2 f6 29. Bc4+ Kf8 30. g3 hxg3+ 31. fxg3 Nh5 32. Kg2 Ne7 33. Be6 a5 34. Bd7 axb4 35. cxb4 Bd4 36. a4 Kf7 37. a5 g6 38. b5 f5 39. exf5 gxf5 40. Nh6+ Kf6 41. Nxf5 Nxf5 42. Bxf5 Nxg3 43. Kxg3 Kxf5 44. Kf3 e4+ 45. Ke2 c6 46. bxc6 bxc6 47. Be3 Be5 48. a6 1-0

[Event "Schoeneck-B"]
[Site "Schoeneck"]
[Date "1996.??.??"]
[Round "9"]
[White "Maiwald, Jens Uwe"]
[Black "Galdunts, Sergey"]
[Result "1-0"]
[WhiteElo "2490"]
[BlackElo "2465"]
[PlyCount "65"]
[EventDate "1996.10.23"]
[Source "ChessBase"]

1. e4 e5 2. Nf3 Nc6 3. c3 Be7 4. Be2 Nf6 5. d3 d5 6. Nbd2 O-O 7. O-O Re8 8. b4 a6 9. Bb2 Bf8 10. Re1 g6 11. Bf1 Bg7 12. a3 b6 13. Qc2 Bb7 14. g3 Qd7 15. a4 a5 16. b5 Nd8 17. c4 dxe4 18. dxe4 Ng4 19. h3 Nh6 20. c5 bxc5 21. Nb3 Ne6 22. Nxc5 Nxc5 23. Qxc5 Qd6 24. Rac1 Rac8 25. Qxd6 cxd6 26. Nd2 f5 27. Nc4 Nf7 28. exf5 Bh6 29. fxg6 hxg6 30. Rc3 d5 31. Nxe5 Nd6 32. Rxc8 Nxc8 33. Nd3 1-0

[Event "Dresden zt"]
[Site "Dresden"]
[Date "1998.??.??"]
[Round "3"]
[White "Sermek, Drazen"]
[Black "Rogic, Davor"]
[Result "1-0"]
[WhiteElo "2510"]
[BlackElo "2445"]
[PlyCount "121"]
[EventDate "1998.04.28"]
[Source "ChessBase"]
[SourceDate "1998.08.06"]

1. e4 e5 2. Nf3 Nc6 3. c3 Nf6 4. d4 exd4 5. e5 Nd5 6. Bb5 a6 7. Bxc6 dxc6 8. Qxd4 Bf5 9. O-O c5 10. Qd1 Qd7 11. Qb3 Qc6 12. c4 Nb4 13. Ne1 O-O-O 14. Nc3 Qe6 15. f4 f6 16. Be3 fxe5 17. fxe5 Qxe5 18. Bf4 Qd4+ 19. Kh1 Be6 20. Ne2 Qxc4 21. Qf3 Bd6 22. a3 Nc6 23. Rc1 Nd4 24. Nxd4 Qxd4 25. Bxd6 Rxd6 26. Rc3 c4 27. Nc2 Qd2 28. Ne3 Kb8 29. Rc2 Qd4 30. Rfc1 Rhd8 31. h3 Rc6 32. a4 c3 33. bxc3 Qxa4 34. c4 Qa3 35. Rc3 Qc5 36. Qe4 g6 37. Rb3 Ka7 38. Rcb1 Rb8 39. Rb4 Bf5 40. Nxf5 gxf5 41. Qh4 h6 42. Qf4 Re6 43. R4b2 b6 44. Ra1 Rbe8 45. Rbb1 Rd6 46. Rb5 Re1+ 47. Rxe1 axb5 48. Qf3 Qc6 49. Ra1+ Kb8 50. Qxf5 Rd8 51. cxb5 Qd5 52. Qf2 Qxb5 53. Qf6 Qd5 54. Qxh6 Rg8 55. Rg1 b5 56. Qe3 b4 57. Qf2 c5 58. Ra1 Kb7 59. Qe2 Rg7 60. Qb5+ Kc8 61. Qe8+ 1-0

[Event "Bischwiller-A"]
[Site "?"]
[Date "1999.07.05"]
[Round "3"]
[White "Koch Jean Rene"]
[Black "Galdunts Sergey"]
[Result "0-1"]
[WhiteElo "2510"]
[BlackElo "2440"]
[PlyCount "124"]
[EventDate "1999.??.??"]
[Source "www.chesslib.no"]
[SourceDate "2004.05.04"]

1. e4 e5 2. Nf3 Nc6 3. c3 Nf6 4. Qc2 d5 5. d3 a5 6. Be2 Bc5 7. Bg5 Be6 8. Nbd2 h6 9. Bh4 Be7 10. Bg3 Nd7 11. d4 exd4 12. Nxd4 Nxd4 13. cxd4 c6 14. O-O O-O 15. f3 a4 16. Kh1 Qa5 17. e5 f5 18. exf6 Bxf6 19. Bf2 Rac8 20. b4 Qa7 21. Qd3 Bg5 22. Rfe1 Bf5 23. Qc3 Rce8 24. Bf1 Qb8 25. Bg3 Bf4 26. Bxf4 Qxf4 27. b5 Rc8 28. Qe3 Qxe3 29. Rxe3 c5 30. g4 Bg6 31. dxc5 Rxc5 32. Re6 Nf6 33. f4 Rc2 34. f5 Bf7 35. Re2 Nxg4 36. Nf3 Rxe2 37. Bxe2 Re8 38. Bf1 Ne3 39. Bd3 Nc4 40. Re1 Rxe1+ 41. Nxe1 Be8 42. Kg2 Bxb5 43. Kg3 Kf7 44. Kf4 Kf6 45. Nc2 Nd6 46. Bxb5 Nxb5 47. Ne3 Nc3 48. Ng4+ Ke7 49. Ke5 Nxa2 50. Kxd5 a3 51. Kc4 Nb4 52. Kb3 a2 53. Kb2 h5 54. Ne3 Kf6 55. Nc4 Kxf5 56. Nd6+ Kg4 57. Nxb7 Kh3 58. Nc5 Kxh2 59. Ne6 h4 60. Nxg7 h3 61. Nf5 Kg2 62. Nd4 Kf2 0-1